00337nam a22001337a 4500003000400000005001700004008004100021020001800062040002700080100003600107245003300143260001900176300000800195OSt20260323123549.0260323b |||||||| |||| 00| 0 eng d a9788123916750 cIIMT UNIVERSITY MEERUT a Mohammed Ali , M. Zaffer Ahmad aPharmaceutical Drug Analysis aNEW DELHIbCBS a252